Normal view
MARC view
- ENVIRONMENTAL PROTECTION INDUSTRIAL MANAGEMENT-ENVIRONMENTAL ASPECTS CAPITAL INVESTMENTS RATE
Entry Topical Term
001 - CONTROL NUMBER
- control field: 80128
003 - CONTROL NUMBER IDENTIFIER
- control field: NUST
005 - DATE AND TIME OF LATEST TRANSACTION
- control field: 20210628210611.0
008 - FIXED-LENGTH DATA ELEMENTS
- fixed length control field: 210628|| aca||aabn | a|a d
040 ## - CATALOGING SOURCE
- Original cataloging agency: NUST
- Transcribing agency: NUST
150 ## - HEADING--TOPICAL TERM
- Topical term or geographic name entry element: ENVIRONMENTAL PROTECTION INDUSTRIAL MANAGEMENT-ENVIRONMENTAL ASPECTS CAPITAL INVESTMENTS RATE
670 ## - SOURCE DATA FOUND
- Source citation: Work cat.: (NUST): Seemer, Stephen.W 80127, Environmental roi successful techniques in cost avoidance, 1996
